Normal view
MARC view
- التأليف الموسيقي - الموسيقى
Entry Topical Term
001 - CONTROL NUMBER
- control field: 40278
003 - CONTROL NUMBER IDENTIFIER
- control field: JO-AjAnu
005 - DATE AND TIME OF LATEST TRANSACTION
- control field: 20230606080706.0
008 - FIXED-LENGTH DATA ELEMENTS
- fixed length control field: 230606|| aca||aabn | a|a d
040 ## - CATALOGING SOURCE
- Original cataloging agency: JO-AjAnu
- Transcribing agency: JO-AjAnu
150 ## - HEADING--TOPICAL TERM
- Topical term or geographic name entry element: التأليف الموسيقي - الموسيقى
670 ## - SOURCE DATA FOUND
- Source citation: Work cat.: (JO-AjAnu)20646: دوبري ،مارسيل تأليف/هيلايي، فيليب مترجم, author 40277, تحليل التوافق الصوتي : هارموني، ج1